Top 10 Most WWE Wrestlemania Matches - Statistics

General Stats
  • This quiz has been taken 119 times
  • The average score is 6 of 10
Answer Stats
# of Matches Wrestler % Correct
27 The Undertaker
96%
23 Triple H
93%
16 John Cena
91%
19 Randy Orton
80%
17 Shawn Michaels
79%
17 Kane
68%
14 Seth Rollins
39%
15 Big Show
32%
15 Rey Mysterio
31%
14 The Miz
31%
No matching quizzes found
Score Distribution
Percent of People with Each Score
Percentile by Number Answered
Your Score History
You have not taken this quiz